Datum a čas kvízu
27.5
Celkem bodů
Celkový počet nahraných bodů na tomto kvízu bez doplňovacích otázek.
8.
Pořadí na kvízu
Konečné umístění týmu na tomto kvízu.
Zaznamenané odpovědi
| # | Otázka | Odpověď | Body | Výsledky |
|---|---|---|---|---|
| 1. | Česká pirátská strana si minul... | Marcel Kolaja | 0 | |
| 2. | Ve které středoasijské zemi za... | v Kazachstánu | 1 | |
| 3. | Ukrajinskému ministru kultury... | Emily in Paris | 1 | |
| 4. | V uplynulém týdnu vůbec první... | Apple | 1 | |
| 5. | Hokejisty Pardubic po neshodác... | Jakub Nakládal | 1 | |
| 6. | V následujícím tématu si připo... | Eleonora Šomková, Lori | 0 | |
| 7. | Herec Heath Ledger zemřel neče... | Kletba bratří Grimmů, Legendy z Dogtownu | 0.5 | |
| 8. | Anne Franková je navzdory svém... | Bergen-Belsen | 1 | |
| 9. | Nevynecháme ani známé hudebník... | 1994 | 1 | |
| 10. | V poslední otázce se vrátíme n... | 1C 2B 3D 4A | 0 |